000 00185 a2200097 4500
020 _a9781558853065
041 _aspa
100 _aSandia Fria
245 _aMary Sue Galindo
942 _cK
999 _c26094
_d26094